LEADER 01419nam a2200385 i 4500 001 991001179979707536 008 110428s2010 riua b 001 0 eng d 020 $a9780821849835 035 $ab13973484-39ule_inst 040 $aDip.to Matematica$beng 082 00$a515.3533$222 084 $aAMS 35J57 084 $aAMS 35J58 084 $aAMS 35J25 084 $aAMS 35J40 084 $aAMS 35J08 084 $aAMS 35J05 084 $aAMS 35Q30 084 $aLC QA377.M296 100 1 $aMaz'ya, Vladimir G.$0350133 245 10$aElliptic equations in polyhedral domains /$cVladimir Maz'ya, Jurgen Rossmann 260 $aProvidence, R. I. :$bAmerican Mathematical Society,$cc2010 300 $avii, 608 p. :$bill. ;$c27 cm 440 0$aMathematical surveys and monographs,$x0076-5376 ;$v162 504 $aIncludes bibliographical references and index 650 0$aDifferential equations, Elliptic 650 0$aPolyhedra$xModels 650 0$aBoundary value problems 700 1 $aRossmann, Jurgen$eauthor$4http://id.loc.gov/vocabulary/relators/aut$061897 907 $a.b13973484$b28-01-14$c28-04-11 912 $a991001179979707536 945 $aLE013 35J MAZ12 (2010)$g1$i2013000214078$lle013$op$pE108.61$q-$rl$s- $t0$u0$v0$w0$x0$y.i15278785$z08-06-11 996 $aElliptic equations in polyhedral domains$91441472 997 $aUNISALENTO 998 $ale013$b28-04-11$cm$da $e-$feng$griu$h0$i0 LEADER 05067nam 22006495 450 001 9910855391203321 005 20251113185526.0 010 $a9783031527449 010 $a3031527445 024 7 $a10.1007/978-3-031-52744-9 035 $a(CKB)5690000000423385 035 $a(MiAaPQ)EBC31319171 035 $a(Au-PeEL)EBL31319171 035 $a(DE-He213)978-3-031-52744-9 035 $a(MiAaPQ)EBC31574225 035 $a(Au-PeEL)EBL31574225 035 $a(EXLCZ)995690000000423385 100 $a20240503d2024 u| 0 101 0 $aeng 135 $aurcnu|||||||| 181 $ctxt$2rdacontent 182 $cc$2rdamedia 183 $acr$2rdacarrier 200 10$aSoil Science in Italy $e1861 to 2024 /$fedited by Carmelo Dazzi, Anna Benedetti, Giuseppe Corti, Edoardo A. C. Costantini 205 $a1st ed. 2024. 210 1$aCham :$cSpringer International Publishing :$cImprint: Springer,$d2024. 215 $a1 online resource (671 pages) 311 08$a9783031527432 311 08$a3031527437 320 $aIncludes bibliographical references. 327 $aSoil science in Italy: from the birth of the Unitarian State to the ISSS foundation (1861 - 1924) -- The Italian contribution to the foundation of the International Society of Soil Science -- Soil Science in Italy in the period 1920 - 1950 -- 1950-1980: from the foundation of the Italian soil science society to the awareness of soil as a primary resource -- From the 1980s to the 2000s: the golden years of the Italian soil science -- Soil science in Italy from 2000 to 2024 -- The future of soil science in Italy -- PART II - The development of Soil Science in the Italian regions -- The development of Soil Science in Abruzzo -- The development of Soil Science in Basilicata -- The development of Soil Science in Calabria -- The development of Soil Science in Campania -- The development of Soil Science in Emilia Romagna -- The development of Soil Science in Friuli-Venezia Giulia -- The development of Soil Science in Lazio -- The development of Soil Science in Liguria -- The development of Soil Science in Lombardy -- The development of Soil Science in Marche -- The development of Soil Science in Molise -- The development of Soil Science in Piedmont -- The development of Soil Science in Apulia -- The development of Soil Science in Sardinia -- The development of Soil Science in Sicily -- The development of Soil Science in Tuscany -- The development of Soil Science in Trentino-Alto Adige -- The development of Soil Science in Umbria -- The development of Soil Science in Aosta valley -- The development of Soil Science in Veneto -- PART III - Soil Science in Institutions and Research Centers -- Soil Science in Italian Universities -- CNR?s contribution to the advancement of soil science in Italy -- CREA?s contribution to the advancement of soil science in Italy -- Land and Soil Monitoring, Mapping and Assessment Activities in the National Institute for Environmental Protection and Research (ISPRA) -- Agricultural Soil Science concerns and research activities in the Italian National Agency for New Technologies, Energy and Sustainable Economic Development (ENEA) -- Soil Science at the Joint Research Center of the European Commission (1992-2022) -- Soil Science at the CIHEAM?s Mediterranean Agronomic Institute of Bari in Italy -- PART IV - The Italian Scientific Societies on Soil Science -- The Italian Society of Soil Science -- The Italian Society of Agricultural Chemistry -- The Italian Society of Pedology. 330 $aHistory is generally defined as ?the study of past events, particularly in human affairs? and is mostly understood when presented chronologically. That?s why someone also defined it as the ?chronological record of the past?. Knowing the past is extremely important for any society and human being. Past gives us insights into our evolving behavior in many matters of life. The book is seen as a unique opportunity to preserve the memory of the Italian history of soil science. It represents a milestone and a cultural heritage. Moreover, the book is a sort of ideal bridge between the pioneers of soil science in Italy and the young generation of researchers, contributing to spreading awareness of the importance of soil as a fundamental resource. 606 $aSoil science 606 $aCultural property 606 $aEnvironmental geography 606 $aAgriculture 606 $aSoil Science 606 $aCultural Heritage 606 $aIntegrated Geography 606 $aAgriculture 615 0$aSoil science. 615 0$aCultural property. 615 0$aEnvironmental geography. 615 0$aAgriculture. 615 14$aSoil Science. 615 24$aCultural Heritage. 615 24$aIntegrated Geography. 615 24$aAgriculture. 676 $a631.49 702 $aDazzi$b Carmelo 801 0$bMiAaPQ 801 1$bMiAaPQ 801 2$bMiAaPQ 906 $aBOOK 912 $a9910855391203321 996 $aSoil Science in Italy$94351096 997 $aUNINA